El test de proporcionalidad en la jurisprudencia del Tribunal Constitucional Peruano

Detalles Bibliográficos
Autor principal: Rubio Correa, Marcial
Formato: eBook
Lenguaje:español
Publicado: Lima : Pontificia Universidad Catolica del Peru, 2011
Materias:
Acceso en línea:Acceso restringido

MARC

LEADER 00000nam a22000007a 4500
005 20120807135126.0
007 cr|||| ||||
008 120807t2011 pe |||||s|||| 00||0 spa d
020 |a 978-9972-42-981-1 
035 |a 6579 
040 |a vLex 
090 |c 3344  |d 3344 
100 1 |a Rubio Correa, Marcial 
245 1 3 |a El test de proporcionalidad en la jurisprudencia del Tribunal Constitucional Peruano  |h [Recurso electrn̤ico] /  |c Marcial Rubio Correa  
256 |a Servicio en ln̕ea 
260 |a Lima :  |b Pontificia Universidad Catolica del Peru,  |c 2011 
300 |a 1 recurso electrn̤ico 
506 1 |a Contenido solo disponible en los productos indicados  |d vLex Global   |d vLex Global (Academic Edition, excluding Law Schools)   |d vLex Global (U.S. Academic Edition, Law Schools)   |d vLex Global (U.S. Academic Edition, excluding Law Schools)   |d vLex Global (Academic Edition, Law Schools)  
610 1 |a Per.︢  |b Tribunal constitucional 
650 0 4 |a Jurisprudencia  |z Per︢ 
740 0 |a vLex Libros (Servicio en ln̕ea) 
856 4 0 |u http://vlex.com/source/test-proporcionalidad-jurisprudencia-tribunal-constitucional-peruano-6579  |z Acceso restringido 
942 |c BOOK 
999 0 |a Jurisprudence 
999 0 |a Constitutional law